[Event "Montreal op"]
[Site "Montreal"]
[Date "1995.??.??"]
[Round "8"]
[White "Reeve, Jeff"]
[Black "Saint Amand, Paul"]
[Result "1/2-1/2"]
[WhiteElo "2185"]
[BlackElo "2225"]

1.e4 c5 2.Nf3 d6 3.d4 cxd4 4.Nxd4 Nf6 5.Nc3 a6 6.Be3 e5 7.Nf3 Be7 8.Bc4 O-O
9.Bb3 Nbd7 10.Bg5 Nc5 11.Bxf6 Bxf6 12.O-O Be6 13.Re1 Nxb3 14.axb3 Rc8 15.Re3 Qc7
16.Rd3 Be7 17.Ne1 f5 18.Ra4 fxe4 19.Nd5 Bxd5 20.Rxd5 Bh4 21.g3 Qf7 22.f3 exf3
23.Kf2 Be7 24.Rd3 Qe6 25.Rxf3 e4 26.Rxf8+ Rxf8+ 27.Kg2 Qf5 28.Qe2 d5 29.Rd4 Bc5
30.Rd2 Qg5 31.h4 Qf5 32.c3 Qe5 33.Nd3 Qe7 34.Nxc5 Qxc5 35.Qh5 Qe7 36.Qxd5+ Kh8
37.Qd6 Qf7 38.Qf4 Qe7 39.Rd7 Qe8 40.Qg4 Qe5 41.Qf4 Qe8  1/2-1/2

[Event "Moscow5"]
[Site "Moscow"]
[Date "1995.??.??"]
[Round "1"]
[White "Nikolenko, Oleg"]
[Black "Ivanov, Mikhail M"]
[Result "1-0"]
[WhiteElo "2475"]
[BlackElo "2445"]

1.e4 c5 2.Nf3 d6 3.d4 cxd4 4.Nxd4 Nf6 5.Nc3 a6 6.Be3 Ng4 7.Bg5 h6 8.Bh4 g5
9.Nf5 e6 10.Qxg4 exf5 11.exf5 gxh4 12.Qd4 Qe7+ 13.Kd1 Nc6 14.Qxh8 Bxf5 15.Bd3 Be6
16.f4 O-O-O 17.Re1 Qd7 18.Qh7 Bg4+ 19.Kd2 d5 20.h3 d4 21.hxg4 dxc3+ 22.bxc3 Kb8
23.Qf5 Qc7 24.Re4 Bg7 25.Qc5  1-0

[Event "Moscow op"]
[Site "Moscow"]
[Date "1995.??.??"]
[Round "1"]
[White "Nikitin, Aleksander S"]
[Black "Efremov, Roman"]
[Result "1-0"]
[WhiteElo "2245"]
[BlackElo "2475"]

1.e4 c5 2.Nf3 d6 3.d4 cxd4 4.Nxd4 Nf6 5.Nc3 a6 6.Be3 e6 7.Qd2 b5 8.f3 Nbd7
9.g4 h6 10.O-O-O Bb7 11.Bd3 Ne5 12.Rhe1 b4 13.Nce2 d5 14.exd5 Nxd5 15.Nf4 Bd6
16.Nh5 Qa5 17.Nxg7+ Kd7 18.Kb1 Nxf3 19.Qf2 Nxe3 20.Rxe3 Rag8 21.Nxf3 Rxg7
22.Be4 Bxe4 23.Rxe4 Ke7 24.Qd4  1-0

[Event "Moscow5"]
[Site "Moscow"]
[Date "1995.??.??"]
[Round "2"]
[White "Gorelov, Sergey G"]
[Black "Mitenkov, Alexey"]
[Result "1/2-1/2"]
[WhiteElo "2490"]
[BlackElo "2430"]

1.e4 c5 2.Nf3 d6 3.d4 cxd4 4.Nxd4 Nf6 5.Nc3 a6 6.Be3 e5 7.Nf3 Qc7 8.a4 Be7
9.a5 O-O 10.Be2 Be6 11.Nd5 Nxd5 12.exd5 Bg4 13.O-O Nd7 14.Nd2 Bxe2 15.Qxe2 f5
16.f3 Bf6 17.c4 Rae8 18.Ra2 e4 19.fxe4  1/2-1/2

[Event "Moscow op"]
[Site "Moscow"]
[Date "1995.??.??"]
[Round "2"]
[White "Minasian, Artashes"]
[Black "Isupov, Vladimir"]
[Result "1-0"]
[WhiteElo "2395"]
[BlackElo "2430"]

1.e4 c5 2.Nf3 d6 3.d4 cxd4 4.Nxd4 Nf6 5.Nc3 a6 6.Be3 e5 7.Nb3 Be6 8.f3 Nbd7
9.g4 Be7 10.Qd2 h6 11.h4 b5 12.a4 b4 13.Nd5 Bxd5 14.exd5 Nb6 15.Bxb6 Qxb6
16.a5 Qb7 17.O-O-O Nd7 18.Kb1 Rc8 19.Bd3 Nc5 20.g5 Nxd3 21.Qxd3 hxg5 22.hxg5 Rxh1
23.Rxh1 Bxg5 24.Qf5 Bh6 25.f4 Rc4 26.fxe5 Qxd5 27.Re1 Qe6 28.Qh5 Kf8 29.Qd1 Bf4
30.exd6 Qxd6 31.Qe2 Qc6 32.Qe7+ Kg8 33.Qd8+ Kh7 34.Qd3+ Kg8 35.Nd4 Qc8 36.Nf5 Kf8
37.Rh1  1-0

[Event "Moscow4"]
[Site "Moscow"]
[Date "1995.??.??"]
[Round "3"]
[White "Frolov, Denis"]
[Black "Loskutov, Oleg"]
[Result "0-1"]
[WhiteElo "2355"]
[BlackElo "2305"]

1.e4 c5 2.Nf3 d6 3.d4 cxd4 4.Nxd4 Nf6 5.Nc3 a6 6.Be3 e5 7.Nb3 Be7 8.f3 O-O
9.Qd2 Be6 10.g4 b5 11.Nd5 Nxd5 12.exd5 Bh4+ 13.Kd1 Bd7 14.Bd3 a5 15.Be4 a4
16.Nc1 f5 17.gxf5 Bxf5 18.Qg2 Qf6 19.Rg1 g6 20.Nd3 Nd7 21.Kd2 Qd8 22.Nb4 Nc5
23.Nc6 Qd7 24.Rad1 b4 25.Nxb4 Bxe4 26.fxe4 Qb5 27.a3 Bf2 28.Bh6 Bxg1 29.Bxf8 Rxf8
30.Qxg1 Rf2+ 31.Kc1 Qe2 32.Kb1 Rxh2 33.Rc1 Rg2 34.Qh1 Qxe4 35.Qh3 Qg4 36.Qe3 Qf4
37.Qh3 Qg4 38.Qe3 Re2 39.Qh6 Ne4 40.Nc6 Nf6 41.Rf1 Rf2 42.Rxf2 Qg1+ 43.Ka2 Qxf2
44.Qh3 Nxd5 45.c4 Nb6 46.Qe6+ Qf7 47.Qxd6 Nxc4 48.Qb8+ Kg7 49.Nd8 Qd5 50.Ka1 Nd2  0-1

[Event "Moscow6"]
[Site "Moscow"]
[Date "1995.??.??"]
[Round "4"]
[White "Khachian, Melikset"]
[Black "Fedorchuk, Sergey A"]
[Result "1-0"]
[WhiteElo "2420"]
[BlackElo "2365"]

1.e4 c5 2.Nf3 d6 3.d4 cxd4 4.Nxd4 Nf6 5.Nc3 a6 6.Be3 e6 7.g4 Qc7 8.g5 Nfd7
9.Bg2 Nc6 10.Qe2 b5 11.a3 Bb7 12.f4 Nb6 13.O-O-O Nxd4 14.Bxd4 Nc4 15.Kb1 Rc8
16.h4 Qa5 17.Na2 e5 18.Bc3 Qb6 19.Bh3 Rc7 20.f5 a5 21.f6 gxf6 22.gxf6 Rg8
23.Bf5 Rg3 24.Rd3 Rg1+ 25.Rxg1 Qxg1+ 26.Qe1 Qh2 27.Nc1 Bc8 28.Rh3 Qf4 29.Ne2 Qh6
30.Bxa5 Bxf5 31.exf5 Rd7 32.b3 Nxa5 33.Qxa5 Qxf6 34.Nc3 Qxf5 35.Qa8+ Ke7
36.Rf3 Qg4 37.Nd5+ Ke6 38.Rf6+  1-0

[Event "Moscow PCA-Intel qual"]
[Site "Moscow"]
[Date "1995.??.??"]
[Round "4"]
[White "Nikolenko, Oleg"]
[Black "Nedobora, Mikhail"]
[Result "1-0"]
[WhiteElo "2480"]
[BlackElo "2480"]

1.e4 c5 2.Nf3 d6 3.d4 cxd4 4.Nxd4 Nf6 5.Nc3 a6 6.Be3 e6 7.g4 h6 8.Bg2 Qc7
9.h4 h5 10.gxh5 Nc6 11.Qe2 Nxh5 12.O-O-O Bd7 13.Kb1 O-O-O 14.Nxc6 Bxc6 15.Rd4 Qa5
16.Rhd1 Kb8 17.a3 Rc8 18.Rb4 b5 19.f4 Bb7 20.Qf2 Qd8 21.Nxb5 axb5 22.Rxb5 Rc6
23.Rd3 Qf6 24.Rdb3 Rc7 25.Rxb7+ Rxb7 26.Rxb7+ Kxb7 27.e5+  1-0

[Event "Moscow4"]
[Site "Moscow"]
[Date "1995.??.??"]
[Round "6"]
[White "Zagrebelny, Sergey"]
[Black "Loskutov, Oleg"]
[Result "1-0"]
[WhiteElo "2510"]
[BlackElo "2305"]

1.e4 c5 2.Nf3 d6 3.d4 cxd4 4.Nxd4 Nf6 5.Nc3 a6 6.Be3 e5 7.Nf3 Qc7 8.a4 Be7
9.a5 Be6 10.Be2 O-O 11.O-O h6 12.Nd5 Nxd5 13.exd5 Bf5 14.c4 Nd7 15.b4 Bh7
16.Rc1 Kh8 17.Nd2 f5 18.Nb3 f4 19.Bd2 Nf6 20.Bc3 Rad8 21.Re1 Ne4 22.Bd3 Nxf2
23.Kxf2 Bh4+ 24.Kg1 Bxe1 25.Bxe1 e4 26.Be2 f3 27.gxf3 exf3 28.Bxf3 Qe7 29.Rc3 Rde8
30.Bg3 Be4 31.Nd4 Bxf3 32.Rxf3 Qe4 33.Bf2 Qg4+ 34.Kf1 Rf4 35.h3 Qh5 36.Qd3 Ref8
37.Kg2 Qe5 38.Rxf4 Rxf4 39.Ne6 Re4 40.Bd4 Qf5 41.Qf3 Qg6+ 42.Kf2 Kg8 43.Qf8+ Kh7
44.Bxg7 Re2+ 45.Kxe2 Qc2+ 46.Kf3 Qd3+ 47.Kg4 Qe2+ 48.Qf3  1-0

[Event "Moscow Petrosian"]
[Site "Moscow"]
[Date "1995.??.??"]
[Round "7"]
[White "Iordachescu, Viorel"]
[Black "Zagrebelny, Sergey"]
[Result "1-0"]
[WhiteElo "2425"]
[BlackElo "2510"]

1.e4 c5 2.Nf3 d6 3.d4 cxd4 4.Nxd4 Nf6 5.Nc3 a6 6.Be3 e5 7.Nb3 Be6 8.Qd2 Be7
9.f3 O-O 10.O-O-O a5 11.Bb5 Na6 12.Kb1 Nc7 13.Qe2 Nxb5 14.Qxb5 a4 15.Nc5 a3
16.b3 Qc8 17.N5a4 Ra6 18.Qd3 Bd8 19.g4 Bd7 20.g5 Ne8 21.h4 Kh8 22.Nb5 f5
23.c4 Bc6 24.Nac3 Be7 25.Bc1 Qa8 26.Nd5 Bd8 27.Rhf1 Qc8 28.f4 g6 29.fxe5 dxe5
30.Bxa3 Rxa3 31.Nxa3 Nd6 32.exf5 gxf5 33.Nb5 Ne4 34.Nbc3 Nc5 35.Qe3 Nd7 36.Nf6 f4
37.Qe2 Nxf6 38.gxf6 Bxf6 39.Qc2 f3 40.Nd5 Bg7 41.h5 Qg4 42.h6 Bxh6 43.Rh1 Qe6
44.Nc7 Qf6 45.Nd5 Qe6 46.Rh2 Be8 47.Nc7 Qg6 48.Nxe8 Qxc2+ 49.Kxc2 Bf4 50.Rf2 e4
51.Nd6 Bxd6 52.Rxd6 e3 53.Rxf3 Rxf3 54.Kd3 Rf2 55.Kxe3 Rxa2 56.Rd8+ Kg7 57.Rd7+ Kg6
58.Rxb7 h5 59.Kf4 h4 60.Kg4 Rh2 61.Re7 Kf6 62.Re3 Rh1 63.Rh3 Rg1+ 64.Kxh4 Ke5
65.Rg3 Rh1+ 66.Kg4 Kd4 67.Kf5 Re1 68.Rg8 Re3 69.Rd8+ Kc5 70.Rd5+ Kc6 71.Rb5 Re1
72.Kf4 Re8 73.b4 Re1 74.Rc5+ Kb6 75.Kf3 Re8 76.Rb5+ Kc6 77.Rh5 Re1 78.b5+ Kb6
79.Rh6+ Kc5 80.Rc6+ Kd4 81.b6 Rf1+ 82.Ke2 Rb1 83.c5 Rb2+ 84.Kf3  1-0

[Event "Moscow-ch op"]
[Site "Moscow"]
[Date "1995.??.??"]
[Round "7"]
[White "Nikolenko, Oleg"]
[Black "Vorobiov, Evgeny E"]
[Result "1-0"]
[WhiteElo "2475"]
[BlackElo "2325"]

1.e4 c5 2.Nf3 d6 3.d4 cxd4 4.Nxd4 Nf6 5.Nc3 a6 6.Be3 e6 7.g4 e5 8.Nf5 g6
9.Bg2 gxf5 10.exf5 h6 11.Qe2 Nc6 12.O-O-O Rg8 13.h3 Qa5 14.f4 Bd7 15.a3 O-O-O
16.Qf2 Kc7 17.Bd2 Qc5 18.Be3 Qa5 19.Rd5 Nxd5 20.Nxd5+ Kc8 21.Bb6 Qb5 22.Rd1 Nd4
23.fxe5 dxe5 24.Rxd4 exd4 25.Qg3 Qc4 26.Bc7 Bc5 27.Bb8 Bd6 28.Bxd6  1-0

[Event "Moscow op2"]
[Site "Moscow"]
[Date "1995.??.??"]
[Round "9"]
[White "Guliev, Logman"]
[Black "Vaulin, Alexander"]
[Result "1/2-1/2"]
[WhiteElo "2375"]
[BlackElo "2490"]

1.e4 c5 2.Nf3 d6 3.d4 cxd4 4.Nxd4 Nf6 5.Nc3 a6 6.Be3 e5 7.Nb3 Be7 8.f3 O-O
9.Qd2 Be6 10.O-O-O Nbd7 11.g4 b5 12.g5 b4 13.Ne2 Nh5 14.Ng3 Nf4 15.h4 a5
16.Nd4 exd4 17.Bxf4 Bxa2 18.Qxd4 Nc5 19.Nf5 Ne6 20.Qe3 Nxf4 21.Qxf4 Be6 22.Nxe7+ Qxe7
23.Qxd6 Qe8 24.Bh3 Bxh3 25.Rxh3 Qa4 26.Kb1 b3 27.cxb3 Qxb3 28.Rd3 Qb5 29.Qd5 Qb6
30.Qd4 Qe6 31.f4 Rfe8 32.e5 Qf5 33.Ka2 Rab8 34.Rhf3 g6 35.Qd6 Qe4 36.Qd5 Qe2
37.Rd2 Qe1 38.h5 gxh5 39.Rc3 Rb4 40.Qd7 Kg7 41.Rcc2 Rd8  1/2-1/2

[Event "Moscow Petrosian"]
[Site "Moscow"]
[Date "1995.??.??"]
[Round "10"]
[White "Iordachescu, Viorel"]
[Black "Obodchuk, Andrei"]
[Result "1/2-1/2"]
[WhiteElo "2425"]
[BlackElo "2430"]

1.e4 c5 2.Nf3 d6 3.d4 cxd4 4.Nxd4 Nf6 5.Nc3 a6 6.Be3 e6 7.Be2 Be7 8.f4 Qc7
9.a4 b6 10.O-O Bb7 11.f5 e5 12.Nb3 Nbd7 13.Bf3 Rc8 14.Qe2 Qb8 15.Nd2 Qa8
16.Bf2 O-O 17.g4 d5 18.g5 Nxe4 19.Ndxe4 dxe4 20.Nxe4 Nc5 21.Bxc5 Bxc5+ 22.Kh1 Rfd8
23.Qg2 Kh8 24.f6 g6 25.Nd6 Bxf3 26.Nxf7+ Kg8 27.Nh6+ Kf8 28.Rxf3 Rd2 29.Qxd2 Qxf3+
30.Qg2 Qxg2+ 31.Kxg2 Be3 32.h4 Rxc2+ 33.Kf3 Bd4 34.a5 b5 35.h5 gxh5 36.Rh1 Rxb2
37.Ke4 b4 38.Nf5 Re2+ 39.Kd3 Rg2 40.Nxd4 exd4 41.Rxh5 b3 42.Rxh7 Rxg5 43.Rb7 Rxa5
44.Kxd4 Rf5  1/2-1/2

[Event "Nikolaev zt"]
[Site "Nikolaev"]
[Date "1995.??.??"]
[Round "4"]
[White "Guliev, Logman"]
[Black "Neverov, Valeriy"]
[Result "0-1"]
[WhiteElo "2345"]
[BlackElo "2490"]

1.e4 c5 2.Nf3 d6 3.d4 cxd4 4.Nxd4 Nf6 5.Nc3 a6 6.Be3 e5 7.Nf3 Be7 8.Bc4 O-O
9.O-O Nc6 10.Qe2 Be6 11.Rad1 b5 12.Bd5 Qc7 13.a3 Rac8 14.Ng5 Bxd5 15.Nxd5 Nxd5
16.Rxd5 Bxg5 17.Bxg5 Nd4 18.Qd1 Qxc2 19.Qxc2 Rxc2 20.Rxd6 Rxb2 21.Rxa6 f6
22.Be3 Ne2+ 23.Kh1 Nc3 24.f3 Rd8 25.h4 Rd3 26.Ra8+ Kf7 27.Ra7+ Ke6 28.Bc5 Rd7
29.Rxd7 Kxd7 30.Bb4 Rc2 31.Kh2 g6 32.Re1 Ne2 33.Rd1+ Nd4 34.Rd2 Rc4 35.Kg3 Ke6
36.Kf2 f5 37.exf5+ gxf5 38.h5 f4 39.g3 fxg3+ 40.Kxg3 Kf5 41.h6 Rc6 42.Rh2 Rg6+
43.Kf2 Ke6 44.Bc5 Kd5 45.Be7 Re6 46.Bg5 Rd6 47.Be7 Rd7 48.Bb4 Rf7 49.Rh3 e4
50.Rh5+ Ke6 51.Ke3 Nf5+ 52.Kf2 e3+ 53.Kg2 Ke5 54.Rg5 Kd4 55.Rg4+ Kd3 56.Re4 Rf6
57.Re5 Nh4+ 58.Kg3 Nxf3 59.Rxb5 Nd4 60.Rd5 Ke4 61.Rh5 Rg6+ 62.Kh3 Kf3 63.Kh4 Kf4
64.Kh3 Rg3+  0-1

[Event "JUG-ch sf"]
[Site "Nis"]
[Date "1995.??.??"]
[Round "?"]
[White "Rolj, Petar"]
[Black "Subasic, Dragan"]
[Result "1-0"]
[WhiteElo "2135"]
[BlackElo "2220"]

1.e4 c5 2.Nf3 d6 3.d4 cxd4 4.Nxd4 Nf6 5.Nc3 a6 6.Be3 e5 7.Nde2 Be6 8.Ng3 h5
9.h3 h4 10.Nge2 Qa5 11.a3 Nxe4 12.Qd3 d5 13.Bd2 Nxd2 14.Qxd2 Nc6 15.Nc1 Nd4
16.Bd3 Be7 17.O-O Rh5 18.Kh1 Bf6 19.f4 Nf5 20.Bxf5 Rxf5 21.Nb3 Qd8 22.fxe5 Rxf1+
23.Rxf1 Bxe5 24.Nd4 Bc7 25.Qe2 Qd6 26.Nf3 O-O-O 27.b4 b5 28.Rd1 Qf4 29.Rb1 d4
30.Ne4 Bc4 31.Qe1 Re8 32.Nd6+ Qxd6 33.Qxe8+ Kb7 34.Qe4+ Bd5 35.Qxd4 Bxf3
36.Qxd6 Bxg2+ 37.Kxg2 Bxd6 38.Kf3 f6 39.Ke4 Be5 40.Kd5 Kb6 41.c4 bxc4 42.Kxc4 g5
43.Rg1 Bg3 44.Rf1 Bf4 45.a4 Kc6 46.b5+ axb5+ 47.axb5+ Kb6 48.Ra1 Kb7 49.Rd1 Kc7
50.Rd5 Be5 51.Kc5 g4 52.b6+ Kb7 53.hxg4 h3 54.Rd7+ Kc8 55.Kc6  1-0

[Event "NLD-chT9596"]
[Site "?"]
[Date "1995.??.??"]
[Round "?"]
[White "Van de Plassche, Bas"]
[Black "Vanderstricht, Geert"]
[Result "1-0"]
[WhiteElo "2310"]
[BlackElo "2175"]

1.e4 c5 2.Nf3 d6 3.d4 cxd4 4.Nxd4 Nf6 5.Nc3 a6 6.Be3 e5 7.Nb3 Be7 8.f3 O-O
9.Qd2 Be6 10.O-O-O Nbd7 11.g4 b5 12.Kb1 b4 13.Nd5 Bxd5 14.exd5 Nb6 15.Bxb6 Qxb6
16.h4 a5 17.Nc1 Rfc8 18.g5 Nh5 19.Bh3 Rc4 20.Ne2 Nf4 21.Bf5 Nxe2 22.Qxe2 Rc7
23.Qd3 g6 24.Be4 a4 25.h5 b3 26.cxb3 axb3 27.a3 Bxg5 28.hxg6 hxg6 29.Bxg6 Qe3
30.Bxf7+ Rxf7 31.Qg6+ Rg7 32.Qe6+ Rf7 33.Qg6+ Rg7 34.Qe6+ Rf7 35.Rh7 Ra7
36.Rh5 Re7 37.Qxd6 Qf4 38.Rdh1 Bf6 39.Qb8+ Rf8 40.Qxb3 Rd7 41.d6+ Rff7 42.Rg1+ Bg7
43.Rhg5 Kh8 44.Qe6 Qxf3 45.Ka2 Rd8 46.Rh1+ Qxh1 47.Qxf7  1-0

[Event "NLD-chT9596"]
[Site "?"]
[Date "1995.??.??"]
[Round "?"]
[White "Beulen, Marcel"]
[Black "Vrenegoor, Taco"]
[Result "1-0"]
[WhiteElo "2325"]
[BlackElo "2140"]

1.e4 c5 2.Nf3 d6 3.d4 cxd4 4.Nxd4 Nf6 5.Nc3 a6 6.Be3 e6 7.Qd2 b5 8.f3 Nbd7
9.g4 h6 10.O-O-O Bb7 11.Bd3 Ne5 12.Rhe1 Qc7 13.Kb1 b4 14.Nce2 d5 15.exd5 Nxd5
16.Nf4 Bd6 17.Nxd5 Bxd5 18.Nf5 Nxf3 19.Qf2 Nxe1 20.Rxe1 O-O 21.Nxg7 Kxg7
22.Bxh6+ Kg8 23.Qf6 Be5 24.Qg5+ Kh8 25.Bg7+  1-0

[Event "Novorossijsk"]
[Site "Novorossijsk"]
[Date "1995.??.??"]
[Round "?"]
[White "Daniliuk, Sergey"]
[Black "Doroshkievich, Vladimir K"]
[Result "1/2-1/2"]
[WhiteElo "2390"]
[BlackElo "2405"]

1.e4 c5 2.Nf3 d6 3.d4 cxd4 4.Nxd4 Nf6 5.Nc3 a6 6.Be3 Ng4 7.Bg5 h6 8.Bh4 g5
9.Bg3 Bg7 10.Be2 h5 11.h4 Nc6 12.Nb3 gxh4 13.Bxh4 Be6 14.Qd2 Rc8 15.f3 Nge5
16.Nd5 Ng6 17.O-O-O Nxh4 18.Rxh4 Bxd5 19.exd5 Bf6 20.dxc6 Bxh4 21.cxb7 Rb8
22.Qb4 Bf2 23.Bxa6 Qb6 24.Qa4+ Kf8 25.Nd4 Be3+ 26.Kb1 Rg8 27.Nc6 Rxb7 28.Bxb7 Qxb7
29.g4 hxg4 30.fxg4 Qd7 31.Qe4 Rxg4 32.Qxe3 Qxc6 33.Qh6+ Ke8 34.b3 Rg2 35.Qh8+ Kd7
36.Qh7 Qf3 37.Re1 Qf2 38.Qe4 e5 39.a4 f5 40.Qb7+ Kd8 41.Qb8+ Kd7 42.Qb7+ Kd8
43.Rc1 Rg1 44.Qd5 Qc5 45.Qxc5  1/2-1/2

[Event "Noyabrsk"]
[Site "Noyabrsk"]
[Date "1995.??.??"]
[Round "7"]
[White "Zagrebelny, Sergey"]
[Black "Nedobora, Mikhail"]
[Result "1/2-1/2"]
[WhiteElo "2510"]
[BlackElo "2480"]

1.e4 c5 2.Nf3 d6 3.d4 cxd4 4.Nxd4 Nf6 5.Nc3 a6 6.Be3 e6 7.Be2 Nc6 8.f4 Be7
9.g4 Nxd4 10.Bxd4 Qa5 11.Bf3 e5 12.Be3 exf4 13.Bxf4 Be6 14.g5 Nd7 15.Qd2 Ne5
16.Be2 Rc8 17.Rg1  1/2-1/2

[Event "CZE-ch"]
[Site "Olomouc"]
[Date "1995.??.??"]
[Round "?"]
[White "Simacek, Pavel"]
[Black "Jirovsky, Pavel"]
[Result "1/2-1/2"]
[WhiteElo "2125"]
[BlackElo "2315"]

1.e4 c5 2.Nf3 d6 3.d4 cxd4 4.Nxd4 Nf6 5.Nc3 a6 6.Be3 e6 7.g4 h6 8.Qe2 Nc6
9.O-O-O Qc7 10.Nxc6 bxc6 11.f4 Be7 12.Bg2 Bb7 13.h4 O-O-O 14.f5 e5 15.g5 hxg5
16.hxg5 Nd7 17.Qc4 f6 18.Qe6 Rxh1 19.Rxh1 Bf8 20.gxf6 gxf6 21.Rh7 Kb8 22.Qf7 Bc8
23.Bf1 Qb7 24.Rh8 Qc7 25.a3 a5 26.Kb1 Qb7 27.Ka2 d5 28.Bc1 d4 29.Nd1 Be7
30.Rxd8 Bxd8 31.Qe8 Qc7 32.Nf2 Nc5 33.Bh6 Be7 34.Bg7 Kb7 35.Bf8 Bxf8 36.Qxf8 Nd7
37.Qe7 c5 38.Bc4 Nb6 39.Ba6+ Kb8 40.Qf8 Qc6 41.Bxc8 Nxc8 42.Nd3  1/2-1/2

[Event "Komercni Banka op"]
[Site "Olomouc"]
[Date "1995.??.??"]
[Round "8"]
[White "Smistik, Milan"]
[Black "Fiala, Jaroslav"]
[Result "0-1"]
[WhiteElo "2065"]
[BlackElo "1980"]

1.e4 c5 2.Nf3 d6 3.d4 cxd4 4.Nxd4 Nf6 5.Nc3 a6 6.Be3 e6 7.f3 Be7 8.Qd2 O-O
9.g4 b5 10.O-O-O Bb7 11.h4 Nc6 12.Nxc6 Bxc6 13.h5 Qa5 14.g5 Nd7 15.Kb1 b4
16.Ne2 Ne5 17.Nd4 Bb5 18.g6 Bxf1 19.gxh7+ Kh8 20.Rhxf1 Nc4 21.Qe2 Rac8 22.h6 g6
23.Nb3 Qc7 24.Bd4+ e5 25.Bf2 a5 26.Qd3 Bg5 27.Rg1 Bxh6 28.Bh4 Bg7 29.Nd2 Nb6
30.Nf1 d5 31.Ne3 d4 32.Ng4 Nc4 33.Nf6 Ne3 34.Rc1 Qc6 35.Ng4 Nc4 36.Be7 Rfe8
37.Bg5 a4 38.Bd2 Qb5 39.Rg2 Na3+ 40.Ka1 Nxc2+ 41.Qxc2 Rxc2 42.Rxc2 Qf1+ 43.Bc1 b3
44.Rgf2 Qb5 45.Rc7 Rf8 46.Nh6 Qe8 47.Rf1 Qe6 48.Bd2 Bxh6 49.Bxh6 Rc8 50.Rxc8+ Qxc8
51.Rc1 Qd8 52.f4 f6 53.fxe5 fxe5 54.Rg1 Kxh7 55.Bg5 Qd6 56.a3 d3  0-1

[Event "CRO-chT2"]
[Site "Opatija"]
[Date "1995.??.??"]
[Round "?"]
[White "Stanic, Zoran"]
[Black "Vitic, Ivan"]
[Result "1/2-1/2"]
[WhiteElo "2275"]
[BlackElo "2230"]

1.e4 c5 2.Nf3 d6 3.d4 cxd4 4.Nxd4 Nf6 5.Nc3 a6 6.Be3 e6 7.f3 Be7 8.g4 Nc6
9.Qd2 O-O 10.O-O-O Nxd4 11.Bxd4 b5 12.h4 Bb7 13.Kb1 Rc8 14.g5 Nd7 15.g6 b4
16.Ne2 Ne5 17.gxf7+ Rxf7 18.Bh3 Nxf3 19.Qxb4 Bxe4 20.Nc3 d5 21.Qb7 Nxd4 22.Nxe4 Bxh4
23.Qxa6 Rc6 24.Qa4 Rc4 25.Qa6 Rc6 26.Qa4  1/2-1/2

[Event "Pamplona op"]
[Site "Pamplona"]
[Date "1995.??.??"]
[Round "?"]
[White "Ochoa de Echaguen, F Javier"]
[Black "Danailov, Silvio"]
[Result "1/2-1/2"]
[WhiteElo "2425"]
[BlackElo "2425"]

1.e4 c5 2.Nf3 d6 3.d4 cxd4 4.Nxd4 Nf6 5.Nc3 a6 6.Be3 e6 7.Qd2 b5 8.f3 Bb7
9.a4 b4 10.Na2 e5 11.Nb3 d5 12.exd5 Nxd5 13.Bc5 Nd7 14.Bxf8  1/2-1/2

[Event "Pamplona op"]
[Site "Pamplona"]
[Date "1995.??.??"]
[Round "?"]
[White "Ochoa de Echaguen, F Javier"]
[Black "Rubio, JJ."]
[Result "1-0"]
[WhiteElo "2430"]
[BlackElo "2270"]

1.e4 c5 2.Nf3 d6 3.d4 cxd4 4.Nxd4 Nf6 5.Nc3 a6 6.Be3 e6 7.Qd2 Qc7 8.f3 Be7
9.g4 h6 10.O-O-O Nc6 11.h4 Ne5 12.Be2 b5 13.g5 b4 14.Ncb5 axb5 15.Nxb5 Qa5
16.gxf6 gxf6 17.Nxd6+ Kf8 18.Rdg1 Bd8 19.Nc4 Nxc4 20.Bxh6+ Ke7 21.Bxc4 b3
22.Bxb3 Rxh6 23.Qxh6  1-0

[Event "LTU-ch (Women)"]
[Site "Panevezys"]
[Date "1995.??.??"]
[Round "2"]
[White "Morkunaite, Egle"]
[Black "Domarkaite, Laima"]
[Result "0-1"]
[WhiteElo "2015"]
[BlackElo "2160"]

1.e4 c5 2.Nf3 d6 3.d4 cxd4 4.Nxd4 Nf6 5.Nc3 a6 6.Be3 e5 7.Nb3 Be6 8.f4 exf4
9.Bxf4 Nc6 10.Qe2 Be7 11.h3 Nd7 12.O-O-O Qc7 13.Nd5 Bxd5 14.Rxd5 Rc8 15.Kb1 Nce5
16.g4 Nb6 17.Rd1 Nec4 18.Nd4 Nxb2 19.Kxb2 Qc3+ 20.Kb1 Na4 21.Kc1 Qb2+ 22.Kd2 Qxd4+
23.Ke1 Bh4+  0-1

[Event "LTU-ch (Women)"]
[Site "Panevezys"]
[Date "1995.??.??"]
[Round "8"]
[White "Morkunaite, Egle"]
[Black "Rudaityte, Ilona"]
[Result "0-1"]
[WhiteElo "2015"]
[BlackElo "2160"]

1.e4 c5 2.Nf3 d6 3.d4 cxd4 4.Nxd4 Nf6 5.Nc3 a6 6.Be3 e5 7.Nb3 Be6 8.f4 exf4
9.Bxf4 Nc6 10.Qe2 Nd7 11.O-O-O Qc7 12.h3 Be7 13.g4 Nce5 14.Nd5 Bxd5 15.Rxd5 Rc8
16.h4 Nb6 17.Rd1 Nec4 18.Rh3 Qc6 19.g5 Qa4 20.Kb1 O-O 21.h5 f6 22.g6 h6 23.Rg3 f5
24.exf5 Na3+ 25.bxa3 Qxf4 26.Rf3 Qg5 27.Qe3 Qxe3 28.Rxe3 Bg5 29.Re6 Na4 30.Rdxd6 Rxf5
31.Bh3 Rf2 32.Re4 Nc3+  0-1

[Event "Pardubice op"]
[Site "Pardubice"]
[Date "1995.??.??"]
[Round "?"]
[White "Zontakh, Andrey"]
[Black "Jaracz, Pawel"]
[Result "1-0"]
[WhiteElo "2460"]
[BlackElo "2395"]

1.e4 c5 2.Nf3 d6 3.d4 cxd4 4.Nxd4 Nf6 5.Nc3 a6 6.Be3 e6 7.Be2 Nbd7 8.O-O Qc7
9.f4 b5 10.Bf3 Bb7 11.a3 Be7 12.Qe1 Nc5 13.Bf2 O-O 14.Rd1 Rfe8 15.Bg3 e5
16.fxe5 dxe5 17.Nf5 Bf8 18.Bh4 Ncd7 19.Qg3 g6 20.Bg5 b4 21.axb4 Qb6+ 22.Kh1 Qxb4
23.Qh4 gxf5 24.Bxf6 Nxf6 25.Qxf6 f4 26.Rd7 Re7 27.Rfd1 Rae8 28.Bh5 Bg7 29.Bxf7+ Kh8
30.Qh4 Rxd7 31.Rxd7 Rf8 32.Qe7 Qxe7 33.Rxe7 Bc8 34.Kg1 Bf6 35.Rc7 Bd8 36.Rc4 Bb6+
37.Kf1 Bg4 38.h3 Bxh3 39.gxh3 Rxf7 40.Nd5 Ba7 41.b4 Rf8 42.Rc7 Be3 43.Nxe3 fxe3+
44.Ke2 Rf2+ 45.Kxe3 Rh2 46.Kf3 Rxh3+ 47.Kg4 Rh2 48.Kf5 Re2 49.Kxe5 h5 50.c4 h4
51.Rc6 Rb2 52.Rh6+ Kg7 53.Rxh4 Rxb4 54.c5 Kf7 55.Kd5 Ke7 56.Rh7+ Kd8 57.Ra7 Ra4
58.e5 Ra1 59.Kd6 Rd1+ 60.Kc6 Ra1 61.e6 a5 62.Rd7+ Ke8 63.Kb5 Re1 64.Kxa5 Rxe6
65.Rd5 Re1 66.c6 Ke7 67.Kb6 Re3 68.c7 Rb3+ 69.Ka7 Rc3 70.Kb7 Rb3+ 71.Kc8 Rb1
72.Rd4 Rc1 73.Rd2 Rb1 74.Re2+ Kf7 75.Re4  1-0

[Event "Pardubice op"]
[Site "Pardubice"]
[Date "1995.??.??"]
[Round "?"]
[White "Stocek, Jiri"]
[Black "Lingnau, Carsten"]
[Result "1-0"]
[WhiteElo "2475"]
[BlackElo "2400"]

1.e4 c5 2.Nf3 d6 3.d4 cxd4 4.Nxd4 Nf6 5.Nc3 a6 6.Be3 e6 7.g4 h6 8.f4 Nc6
9.h3 d5 10.e5 Nd7 11.Qd2 g5 12.O-O-O Nxd4 13.Bxd4 Bg7 14.h4 gxf4 15.Qxf4 Qc7
16.Re1 b6 17.Bb5 Bb7 18.Bxb6 Qxb6 19.Bxd7+ Ke7 20.Ba4 d4 21.Ne4 Rhf8 22.g5 Qa5
23.gxh6 Qxe5 24.Qd2 Bxe4 25.hxg7 Rfc8 26.Rhg1 Qf5 27.Qb4+ Rc5 28.Rxe4 Rc8
29.g8=Q Rxg8 30.Rxg8  1-0

[Event "Policka op"]
[Site "Policka"]
[Date "1995.??.??"]
[Round "7"]
[White "Zontakh, Andrey"]
[Black "Obodchuk, Andrei"]
[Result "1-0"]
[WhiteElo "2460"]
[BlackElo "2430"]

1.e4 c5 2.Nf3 d6 3.d4 cxd4 4.Nxd4 Nf6 5.Nc3 a6 6.Be3 e6 7.f3 Be7 8.Qd2 Nc6
9.O-O-O O-O 10.g4 Nxd4 11.Bxd4 b5 12.g5 Nd7 13.h4 Bb7 14.a3 Rc8 15.Rg1 Ne5
16.Qe3 Nc4 17.Bxc4 Rxc4 18.Kb1 b4 19.axb4 Rxb4 20.b3 Ba8 21.Bc5 Rb7 22.e5 d5
23.Bxe7 Qxe7 24.Kb2 Rc8 25.Rd3 Rbc7 26.Ra1 Bb7 27.h5 Rc5 28.h6 a5 29.Qf4 Ba6
30.Re3 Qc7 31.Qd4 Qb7 32.Kc1 Bf1 33.Ra2 Bh3 34.Na4 R5c6 35.Rc3 Rxc3 36.Nxc3 Qa6
37.Kb2 Bf5 38.Ra1 Bg6 39.Rd1 Qb7 40.Rd2 Qe7 41.Qe3 Qb7 42.f4 Rb8 43.Qd4 Qc7
44.Qf2 Bf5 45.Rd4 Rc8 46.Qd2 Qc5 47.Ra4 Qb6 48.Qd4 Qxd4 49.Rxd4 gxh6 50.gxh6 f6
51.Rd2 fxe5 52.fxe5 Kf7 53.Rg2 Rg8 54.Rxg8 Kxg8 55.Ne2 Kf7 56.Nf4 Ke7 57.c3 Kd7
58.Ka3 Kc6 59.Ka4 Kb6 60.Ne2 Bg4 61.Nd4 Bh3 62.Ka3 Bg4 63.Kb2 Kc7 64.Kc1 Kd7
65.Kd2 Bh5 66.Kc2 Bg4 67.Kb2 Kc7 68.b4 axb4 69.cxb4 Kb6 70.Kc3 Bh3 71.Kd2 Kc7
72.Ke3 Kd7 73.Kf4 Bf1 74.Kg5 Ke7 75.b5 Bd3 76.b6 Ba6 77.Nc6+ Kf7 78.b7 Bxb7
79.Nd8+ Ke7 80.Nxb7 d4 81.Nc5 Kf7 82.Nd3 Ke7 83.Kg4  1-0

[Event "Policka op"]
[Site "Policka"]
[Date "1995.??.??"]
[Round "8"]
[White "Vacek, Martin"]
[Black "Buturin, Vladimir"]
[Result "0-1"]
[WhiteElo "2210"]
[BlackElo "2430"]

1.e4 c5 2.Nf3 d6 3.d4 cxd4 4.Nxd4 Nf6 5.Nc3 a6 6.Be3 e6 7.Be2 Nbd7 8.f4 b5
9.Bf3 Bb7 10.e5 Bxf3 11.Qxf3 dxe5 12.Nc6 Qc7 13.fxe5 Rc8 14.exf6 Qxc6 15.Qg3 Nxf6
16.O-O Bd6 17.Qh4 b4 18.Ne2 Qe4 19.Qxe4 Nxe4 20.Rac1 Ke7 21.Nd4 Rhd8 22.Nf3 Bc5
23.Rfe1 f5 24.Bxc5+ Rxc5 25.Re2 g5 26.Ne1 g4 27.Ra1 a5 28.a3 bxa3 29.Rxa3 Rd1
30.g3 Ng5 31.Kg2 Kf6 32.Rd3 Rb1 33.c3 Re5 34.Rxe5 Rxb2+  0-1

[Event "Recklinghausen"]
[Site "Recklinghausen"]
[Date "1995.??.??"]
[Round "1"]
[White "Varga, Zoltan"]
[Black "Galonska, Joern"]
[Result "1-0"]
[WhiteElo "2535"]
[BlackElo "2185"]

1.e4 c5 2.Nf3 d6 3.d4 cxd4 4.Nxd4 Nf6 5.Nc3 a6 6.Be3 e6 7.g4 h6 8.f3 b5 9.Qd2 Nbd7
10.h4 b4 11.Na4 d5 12.O-O-O dxe4 13.Bc4 Ne5 14.Bb3 Bd7 15.Bf4 Nxf3 16.Nxf3 exf3
17.Qe3 Qa5 18.Qxf3 Rc8 19.Qb7 Qb5 20.Nb6 Rc6 21.Rxd7 Qxb6 22.Rhd1 Qxb7 23.Rxb7 Nd5
24.Ba4  1-0

[Event "Reykjavik Olafsson"]
[Site "Reykjavik"]
[Date "1995.??.??"]
[Round "1"]
[White "Stefansson, Hannes"]
[Black "Arnason, Jon L"]
[Result "1-0"]
[WhiteElo "2520"]
[BlackElo "2545"]

1.e4 c5 2.Nf3 d6 3.d4 cxd4 4.Nxd4 Nf6 5.Nc3 a6 6.Be3 e6 7.Be2 Qc7 8.f4 b5
9.Bf3 Bb7 10.a3 Nbd7 11.Nde2 Nc5 12.Ng3 h5 13.h4 Be7 14.Qe2 O-O-O 15.O-O-O g6
16.Kb1 Kb8 17.Bd4 e5 18.Be3 Rhe8 19.f5 Rc8 20.Bg5 Ncd7 21.fxg6 fxg6 22.Nf1 d5
23.Bxf6 Nxf6 24.exd5 Bxa3 25.Ne4 Nxe4 26.Qxe4 Bxb2 27.d6 Bxe4 28.dxc7+ Rxc7
29.Bxe4 Bd4 30.Nd2 a5 31.Nb3  1-0